• 首页
  • 本馆介绍
  • 公告通知
  • 最新文献
  • 馆藏检索
  • 电子资源
  • 读者导购
  • 参考咨询
  • 我的图书馆
  • 登录
  • 详细信息显示
  • 放入我的书架
  • 预约/预借图书
  • 作者相关作品
  • 分类相关作品
  • 丛书相关作品
  • 出版社相关作品

书目信息

  • 表格格式
  • 工作单格式
  • 卡片格式
题名:
毛泽东的秘书们
    
 
作者: 叶永烈 著
分册:  
出版信息: 上海   上海人民出版社  1994
页数: 399页
开本: 20cm
丛书名:
单 册:
中图分类: K820.7 , A752 , A752
科图分类:
主题词: 毛泽东--生平事迹 , 毛泽东--传记
电子资源:
ISBN: 7-208-01609-7
000 00763nam0 2200277 450
001 1231624110
005 20120928084906.39
010    @a7-208-01609-7@dCNY15
100    @a20021005e19971994em y0chiy0110 ea
101 0  @achi
102    @aCN@b310000
105    @ay z 000yd
106    @ar
200 1  @a毛泽东的秘书们@Amao ze dong de mi shu men@f叶永烈著
210    @a上海@c上海人民出版社@d1994@h1997重印
215    @a399页@d20cm
600  0 @a毛泽东@f(1893-1976)@x生平事迹
600  0 @a毛泽东@f(1893-1976)
606 0  @a毛泽东@x生平事迹
606 0  @a毛泽东@x传记
690    @aK820.7@v3
690    @aA752@v3
690    @aA752@v4
701  0 @a叶永烈@f(1940~)@Aye yong lie@4著
801  0 @aCN@bNLC@c19980805
905    @a10447@dA752@eJY30
    
    毛泽东的秘书们/叶永烈著 .-上海:上海人民出版社,1994(1997重印 )
    399页;20cm
    
    
    ISBN 7-208-01609-7:CNY15
    
●
相关链接 在E读中查询图书 在五车中查询图书 在当当中查询图书 在豆瓣中查询图书


正题名:毛泽东的秘书们     索取号:A752/JY30         预约/预借

序号 登录号 条形码 馆藏地/架位号 状态 备注
1 7814993   278149932   学院路分馆/ [索取号:A752/JY30] 在馆    
2 7814994   278149941   学院路分馆/ [索取号:A752/JY30] 在馆    
3 7814995   278149950   学院路分馆/ [索取号:A752/JY30] 在馆    
4 7814996   278149969   学院路分馆/ [索取号:A752/JY30] 在馆    
唐山师范学院图书馆 欢迎您!
大连网信软件有限公司© 版权所有